00412nam a2200181Ia 4500003000900000008004100009040001300050040001300063041000800076100002000084245006800104250001200172260001000184260000900194300001100203300001000214490000600224IT-RoPAU120407s9999 xx 000 0 und d aIT-RoPAU cIT-RoPAU aita aAntonio Rosmini aIl razionalismo che tenta di insinuarsi nelle scuole teologiche aTorino  aBocca c1882 a311 p. c23 cm v1